Estadísticas para Jugadores con más partidos en el Real Club Recreativo de Huelva

Haz click aquí para intentar la prueba.

Estadísticas generales

  • Esta prueba ha sido intentada 3 veces
  • La puntuación promedio es 3 de 10

Estadísticas de respuestas

PartidosNacionaliadJugador% Correcto
324EspañaJesús Vázquez
100%
153EspañaRubén Gálvez
100%
109EspañaAntonio Domínguez
50%
139EspañaAntonio Núñez
50%
243EspañaAitor Tornavaca
0%
161EspañaDavid Córcoles
0%
140EspañaDiego Jiménez
0%
100EspañaDimas Delgado
0%
101EspañaIago Bouzón
0%
103EspañaJorge Morcillo
0%

Distribución de puntuación

Porcentaje por número respondido

Porcentaje de gente con cada puntuación

Historial de tus puntuaciones

No has intentado esta prueba.